विशाख / (Record no. 52758)

MARC details
000 -LEADER
fixed length control field 01049nam a22002537a 4500
005 - DATE AND TIME OF LATEST TRANSACTION
control field 20080905121451.0
008 - FIXED-LENGTH DATA ELEMENTS--GENERAL INFORMATION
fixed length control field 080905t xxu||||| |||| 00| 0 hin d
010 ## - LCCN (DPL NO)
LC control number HIN-92865
020 ## - INTERNATIONAL STANDARD BOOK NUMBER
Terms of availability 80.00
International Standard Book Number 9788190478595
035 ## - SYSTEM CONTROL NUMBER
System control number HN-65211
037 ## - SOURCE OF ACQUISITION
Source of stock number/acquisition DBAD / PUB
040 ## - CATALOGING SOURCE
Original cataloging agency DPL
Language of cataloging HN
082 ## - DEWEY DECIMAL CLASSIFICATION NUMBER
Classification number 822
100 ## - MAIN ENTRY--PERSONAL NAME
Personal name प्रसाद, जयशंकर
9 (RLIN) 28442
245 ## - TITLE STATEMENT
Title विशाख /
Statement of responsibility, etc जयशंकर प्रसाद
246 ## - VARYING FORM OF TITLE
Title proper/short title Vishakh
Remainder of title by Jaishankarprasad
260 ## - PUBLICATION, DISTRIBUTION, ETC. (IMPRINT)
Place of publication, distribution, etc जयपुर
Name of publisher, distributor, etc पुलकित प्रकाशन
Date of publication, distribution, etc 2010
270 ## - ADDRESS
Address बाण वालों का रास्ता, चौड़ा रास्ता
City जयपुर
300 ## - PHYSICAL DESCRIPTION
Extent 62पृ
Dimensions 22सेमी (सजिल्द)
650 ## - SUBJECT ADDED ENTRY--TOPICAL TERM
9 (RLIN) 28443
Topical term or geographic name as entry element हिन्दी नाटक
650 ## - SUBJECT ADDED ENTRY--TOPICAL TERM
9 (RLIN) 28455
Topical term or geographic name as entry element Hindi Play
942 ## - ADDED ENTRY ELEMENTS (KOHA)
Institution code [OBSOLETE] dpl
Item type Hindi Books
Source of classification or shelving scheme Dewey Decimal Classification
Call number suffix प्रसाद
Classification part 822
Holdings
Withdrawn status Lost status Source of classification or shelving scheme Damaged status Not for loan Collection code Home library Current library Date acquired Source of acquisition Cost, normal purchase price Total Checkouts Full call number Barcode Date last seen Copy number Cost, replacement price Koha item type
    Dewey Decimal Classification   Not For Loan Non-fiction D.B.Act.Division D.B.Act.Division 06/06/2011 DBAD / PUB 80.00   822 प्रसाद HN-65211 06/06/2011 1 80.00 Hindi Books

© Delhi Public Library
Hit Counter
free hit counter